Eurasian Journal of Social Sciences (Запис № 417091)

МАРК-запис
000 -Лідер
fixed length control field 01171nam a22002537a 4500
003 - Ідентифікатор контрольного номера
control field UA-OsUOA
001 - Контрольний номер
control field 136187
007 - Фіксоване поле фізичного опису
fixed length control field ta
008 - Елементи даних фіксованої довжини – загальна інформація
fixed length control field 20190313b un ||||| |||| 00| 0 ukr d
090 ## - Локальний шифр розміщення
Авторський знак (НП) E-23
040 ## - Джерело каталогізації
Агенція оригінальної каталогізації UA-OsUOA
Мова каталогізації eng
Агенція, яка здійснювала перезапис UA-OsUOA
Агенція, яка здійснювала модифікацію UA-OsUOA
041 ## - Код мови
Код мови тексту/ звукової доріжки чи окремого заголовка (П) eng
022 ## - Міжнародний стандартний серіальний номер (ISSN)
Міжнародний стандартний серіальний номер (ISSN) 2148-0214
245 ## - Відомості про назву
Назва (НП) Eurasian Journal of Social Sciences
Дані про відповідальність (НП) Giray Gozgor (Managing Editor)
260 ## - Публікація, розповсюдження і т.п. (Вихідні дані)
Дата публікації, розповсюдження і т.п. (П) 2017
246 31 - Інша форма назви
Назва (НП) 1
Номер частини/ розділ роботи (П)
520 3# - Резюме і т.п.
Резюме, реферат, анотація, тощо (НП) Eurasian Journal of Social Sciences (EJSS) accepts articles on topics that combines social sciences (such as politics, education, psychology, sociology but not limited to) and fields like economics, business, finance, and management. In addition to th
520 3# - Резюме і т.п.
Резюме, реферат, анотація, тощо (НП) eoretical and empirical analysis, EJSS welcomes literature surveys and book reviews.While EJSS attracts more papers from European and Asian economies, all papers from related fields on any region or country are highly encouraged. For submission, p
520 3# - Резюме і т.п.
Резюме, реферат, анотація, тощо (НП) lease send your paper to ejss@eurasianpublications.com
650 #7 - Додаткове предметне введення – тематичний термін
Джерело заголовка чи терміна UDC
856 40 - Електронне місцезнаходження та доступ
Уніфікований ідентифікатор ресурсу (П) http://eurasianpublications.com/Eurasian-Journal-of-Social-Sciences/Vol.-5-No.1-2017.aspx
942 ## - Додаткові елементи входу (Коха)
Тип елемента Koha Номер журналу
955 ## - Код типу видання за змістом
Код типу видання за змістом (НП) Наукові видання

Немає доступних примірників.